[Event "Benidorm op U2000 13th"]
[Site "Benidorm"]
[Date "2014.12.03"]
[Round "6"]
[White "Turcheniak, Yury"]
[Black "Lucas Navas, Jose Manuel"]
[Result "1-0"]
[WhiteElo "1939"]
[BlackElo "1861"]
[PlyCount "71"]
[EventDate "2014.11.28"]
[EventType "swiss"]
[EventRounds "10"]
[EventCountry "ESP"]
[SourceTitle "CBM 163 Extra"]
[Source "ChessBase"]
[SourceDate "2014.12.23"]
[SourceVersion "1"]
[SourceVersionDate "2014.12.23"]
[SourceQuality "1"]

1. d4 d5 2. Nf3 Nf6 3. e3 e6 4. c4 c6 5. Bd3 dxc4 6. Bxc4 b5 7. Be2 Bb7 8. 0-0 Be7 9. a4 a6 10. Nbd2 0-0 11. Nb3 Nbd7 12. Bd2 Qb8 13. Na5 c5 14. Nxb7 Qxb7 15. axb5 axb5 16. Qb3 Rxa1 17. Rxa1 cxd4 18. exd4 b4 19. h3 Nd5 20. Bd3 N7f6 21. Ng5 Nh5 22. Bxh7+ Kh8 23. Be4 Nhf6 24. Qg3 Ng8 25. Qh4+ Nh6 26. Re1 Qa7 27. Bxd5 exd5 28. Qh5 Kg8 29. Nf3 Bf6 30. Bxb4 Rc8 31. Qxd5 g6 32. g4 Bg7 33. Kg2 Rc2 34. Bc3 Qa4 35. Ne5 Bxe5 36. Qxe5 1-0